000 00589nam a22001937a 4500
003 koha_MIRAKIL
005 20251030104752.0
008 251030b tur||||| |||| 00| 0 tur d
020 _a9786056830051
040 _aTR-IsEVY
_btur
_cTR-IsEVY
082 _a935 TAŞ/Ç
100 _aTaş, Behzat
245 0 _aÇizgilerle Mezopotamya uygarlıkları :
_bSümer, Asur, Babil /
_cBehzat Taş.
250 _a2. bs.
260 _aİstanbul :
_bÇizge Yayınları,
_c2021.
300 _a88 s. :
_brenkli resimli ;
_c23 cm.
650 _aTarih.
_vDünya Tarihi.
_vMezopotamya.
942 _2ddc
_cBK
999 _c22820
_d22820